书目信息 |
| 题名: |
社会主义计划经济学
|
|
| 作者: | 李震中 主编 | |
| 分册: | ||
| 出版信息: | 沈阳 辽宁科学技术出版社 1986 |
|
| 页数: | 584页 | |
| 开本: | 20cm | |
| 丛书名: | ||
| 单 册: | ||
| 中图分类: | F043 | |
| 科图分类: | ||
| 主题词: | 社会主义政治经济学-计划经济--高等教育--自学参考资料 , 计划经济-社会主义政治经济学--高等教育--自学参考资料 | |
| 电子资源: | ||
| ISBN: | 4288.25 | |
| 000 | 00787nam0 2200253 450 | |
| 001 | 0186020444 | |
| 005 | 20130329125429.0 | |
| 010 | @a4288.25@dCNY3.80 | |
| 091 | @a4288.25 | |
| 100 | @a20130329d1986 em y0chiy0110 ea | |
| 101 | 0 | @achi |
| 102 | @aCN@b210000 | |
| 105 | @ay z 000yy | |
| 106 | @ar | |
| 200 | 1 | @a社会主义计划经济学@9She Hui;Kuai Zhu Yi Ji Hua;Huai Jing Ji Xue @f李震中主编 |
| 210 | @a沈阳@c辽宁科学技术出版社@d1986 | |
| 215 | @a584页@d20cm | |
| 300 | @a全国高等教育自学考试经济管理类专业用书 | |
| 606 | 0 | @a社会主义政治经济学-计划经济@x高等教育@x自学参考资料 |
| 606 | 0 | @a计划经济-社会主义政治经济学@x高等教育@x自学参考资料 |
| 690 | @aF043@v3 | |
| 701 | 0 | @a李震中@9li zhen zhong@4主编 |
| 801 | 0 | @aCN@bAzMarc@c20130904 |
| 905 | @aBZT@dF043@e1@f1@sF043/1 | |
| 社会主义计划经济学/李震中主编.-沈阳:辽宁科学技术出版社,1986 |
| 584页;20cm |
| 全国高等教育自学考试经济管理类专业用书 |
| ISBN 4288.25:CNY3.80 |
| ● |
| 相关链接 |
|
|
|
正题名:社会主义计划经济学
索取号:F043/1
 
预约/预借
| 序号 | 登录号 | 条形码 | 馆藏地/架位号 | 状态 | 备注 |
| 1 | 2000110001 | 2000110001 | 旧书回溯/ [索取号:F043/1] | 在馆 |